| 000 | 00583nam a22002057a 4500 | ||
|---|---|---|---|
| 003 | OSt | ||
| 005 | 20210428113933.0 | ||
| 008 | 200609b xxu||||| |||| 00| 0 eng d | ||
| 020 | _a9780470554364 | ||
| 040 | _cLC | ||
| 050 | _aHF5635.W61 | ||
| 100 | _aWhittington, O. Ray | ||
| 245 |
_aFinancial accounting and reporting: Willey CPA exam review. / _cO. Ray Whittington, Patrick R. Delaney |
||
| 260 |
_aLondon: _bJohn Wiley & Sons, inc _c2010. |
||
| 300 | _a982p.: | ||
| 650 | _aFinancial accounting | ||
| 650 | _aReporting | ||
| 700 | _aDelaney, Patrick R. | ||
| 942 |
_2lcc _cBK |
||
| 999 |
_c7336 _d14836 |
||